<?xml version="1.0" encoding="UTF-8"?>
<record
    xmlns:xsi="http://www.w3.org/2001/XMLSchema-instance"
    xsi:schemaLocation="http://www.loc.gov/MARC21/slim http://www.loc.gov/standards/marcxml/schema/MARC21slim.xsd"
    xmlns="http://www.loc.gov/MARC21/slim">

  <leader>01832    a2200301   4500</leader>
  <controlfield tag="003">OSt</controlfield>
  <controlfield tag="005">20180116192352.0</controlfield>
  <controlfield tag="008">120601t        xxu||||| |||| 00| 0 eng d</controlfield>
  <datafield tag="010" ind1=" " ind2=" ">
    <subfield code="a">  2006283956</subfield>
  </datafield>
  <datafield tag="020" ind1=" " ind2=" ">
    <subfield code="a">0714845337</subfield>
  </datafield>
  <datafield tag="020" ind1=" " ind2=" ">
    <subfield code="a">9780714845333</subfield>
  </datafield>
  <datafield tag="035" ind1=" " ind2=" ">
    <subfield code="a">(OCoLC)ocm63658187</subfield>
  </datafield>
  <datafield tag="040" ind1=" " ind2=" ">
    <subfield code="c">0</subfield>
  </datafield>
  <datafield tag="082" ind1="0" ind2="4">
    <subfield code="a">709.22</subfield>
  </datafield>
  <datafield tag="245" ind1="0" ind2="0">
    <subfield code="a">Pressplay :</subfield>
    <subfield code="b">contemporary artists in conversation.</subfield>
  </datafield>
  <datafield tag="246" ind1="3" ind2=" ">
    <subfield code="a">Press play</subfield>
  </datafield>
  <datafield tag="246" ind1="3" ind2=" ">
    <subfield code="a">Contemporary artists in conversation</subfield>
  </datafield>
  <datafield tag="260" ind1=" " ind2=" ">
    <subfield code="a">London ;</subfield>
    <subfield code="a">New York :</subfield>
    <subfield code="b">Phaidon,</subfield>
    <subfield code="c">2005</subfield>
  </datafield>
  <datafield tag="300" ind1=" " ind2=" ">
    <subfield code="a">714 p., [96] p. of plates :</subfield>
    <subfield code="b">ill. (some col.) ;</subfield>
    <subfield code="c">26 cm.</subfield>
  </datafield>
  <datafield tag="500" ind1=" " ind2=" ">
    <subfield code="a">"Drawing together the complete Phaidon interviews with artists since 1995"--Cover flap.</subfield>
  </datafield>
  <datafield tag="500" ind1=" " ind2=" ">
    <subfield code="a">Includes index.</subfield>
  </datafield>
  <datafield tag="505" ind1="0" ind2=" ">
    <subfield code="a">Vito Acconci -- Doug Aitken -- Uta Barth -- Christian Boltanski -- Louise Bourgeois -- Cai Guo-Qiang -- Maurizio Cattelan -- Vija Celmins -- Richard Deacon -- Mark Dion -- Stan Douglas -- Marlen Dumas -- Jimmie Durham -- Olafur Eliasson -- Peter Fischli and David Weiss -- Tom Friedman -- Isa Genzken -- Antony Gormley -- Dan Graham -- Paul Graham -- Hans Haacke -- Mona Hatoum -- Thomas Hirschhorn -- Jenny Holzer -- Roni Horn -- Ilya Kabakov -- Alex Katz -- Mike Kelley -- Mary Kelly -- William Kentridge -- Yayoi Kusama -- Robert Mangold -- Christian Marclay -- Paul McCarthy -- Cildo Meireles -- Lucy Orta -- Raymond Pettibon -- Richard Prince -- Pipilotti Rist -- Doris Salcedo -- Thomas Schu&#xCC;&#x2C6;tte -- Lorna Simpson -- Nancy Spero -- Jessica Stockholder -- Wolfgang Tillmans -- Luc Tuymans -- Jeff Wall -- Gillian Wearing -- Lawrence Weiner -- Franz West.</subfield>
  </datafield>
  <datafield tag="650" ind1="1" ind2="0">
    <subfield code="a">Artists</subfield>
    <subfield code="9">3697</subfield>
  </datafield>
  <datafield tag="650" ind1="1" ind2="0">
    <subfield code="a">Art, Modern</subfield>
    <subfield code="y">20th century.</subfield>
    <subfield code="9">3698</subfield>
  </datafield>
  <datafield tag="650" ind1="1" ind2="0">
    <subfield code="a">Artists</subfield>
    <subfield code="9">3699</subfield>
  </datafield>
  <datafield tag="942" ind1=" " ind2=" ">
    <subfield code="a">SADA</subfield>
    <subfield code="c">BK</subfield>
    <subfield code="k">709.22 PRE 2005</subfield>
    <subfield code="2">ddc</subfield>
  </datafield>
  <datafield tag="999" ind1=" " ind2=" ">
    <subfield code="c">352967</subfield>
    <subfield code="d">352967</subfield>
  </datafield>
  <datafield tag="952" ind1=" " ind2=" ">
    <subfield code="0">0</subfield>
    <subfield code="1">0</subfield>
    <subfield code="2">ddc</subfield>
    <subfield code="4">0</subfield>
    <subfield code="7">0</subfield>
    <subfield code="a">SADA</subfield>
    <subfield code="b">SADA</subfield>
    <subfield code="d">2011-05-20</subfield>
    <subfield code="l">2</subfield>
    <subfield code="m">2</subfield>
    <subfield code="o">709.22 PRE 2005</subfield>
    <subfield code="p">SADA0001062</subfield>
    <subfield code="r">2016-01-20</subfield>
    <subfield code="s">2015-10-13</subfield>
    <subfield code="v">3273.00</subfield>
    <subfield code="w">2011-08-05</subfield>
    <subfield code="y">BK</subfield>
  </datafield>
</record>
